000 00414nam a2200181Ia 4500
008 151202s9999||||xx |||||||||||||| ||und||
082 _bPNVM-30478
100 _aCHRISTIE A.
245 _a4.50 FROM PADDINGLON.
260 _b---
260 _c0
300 _a0
600 _aCHRISTIE A.
630 _a4.50 FROM PADDINGLON.
700 _aCHRISTIE A.
730 _a4.50 FROM PADDINGLON.
942 _cBOOK
999 _c1296440
_d1296437